00578nam a2200205 a 4500001001300000003000900013005001700022008004100039020002300080082001500103100001900118245008100137260003800218300000900256500003500265505001000300650002500310650001800335700001900353nice12345678IN_TiNIC20260116013605.0050524s1988 usaa grp 000 0 eng  a0813908 c39900a248.2bLAS aLash, Nicholas aEaster in Ordinaryb Reflections on Human Experience and the Knowledge of Go aUsabUniversity of Virginiac1988 a313p aincludes index and biblioraphy2 aIndex aExperience, Religion aGod-Doctrines1 aLash, Nicholas